Virtuální polytechnická knihovna - Souborný katalog - Úplný záznam dokumentu - MARC Uživatel: --- 
-----nas  22-----zu 4500
001 SKVPK0031914
003 CZ-VPK
005 20260424140232.0
008 260424d19681971||||| | |||  ||   |||||||
022   $a0090-5518
040   $aABA013$bcze
222  0$aNuclear data tables. Section A
245 00$aNuclear data tables. Section A
260   $aSpojené státy americké :$bNew York : Academic Press,$c1968-1971
650 07$afyzika$xfy$2psh
780 00$tNuclear data. Section A$x0550-306X
785 00$tNuclear data tables,$x0090-0214
910   $aABA013$r1968-1971
OAI-PMH
 čtvrtek 14.05.2026 01:21:16 © 2001-2015 Národní technická knihovna 

[Virtuální polytechnická knihovna] [Servisní centrum] [Souborný katalog]